Statistiques concernant 2021 en chansons

Cliquez ici pour prendre le quiz!

Statistiques générales

  • Ce quiz a été pris 319 fois
  • Le résultat moyen est 14 sur 50

Statistiques - réponses

ChansonArtiste% Correct
Bruxelles je t'aimeAngèle
79%
La kiffanceNaps
78%
Bad habitsEd Sheeran
69%
Save your tearsThe Weeknd
64%
Easy on meAdele
58%
Derrière le brouillardLouane & Grand Corps Malade
53%
Mon soleilDadju & Anitta
49%
MonteroLil Nas X
47%
Le resteClara Luciani
46%
Le dernier jour du discoJuliette Armanet
46%
Drivers licenseOlivia Rodrigo
45%
StayThe Kid Laroi & Justin Bieber
42%
Eté 90Thérapie Taxi
42%
1,2,3Amel Bent & Hatik
41%
1 + 1Amir & Sia
40%
Love againDua Lipa
40%
Jour meilleurOrelsan
40%
Cover me in sunshinePink & Willow Sage Heart
37%
PetrouchkaSoso Maness
37%
Et même après je t'aimeraiHoshi
33%
Never going homeKungs
30%
XYVitaa & Slimane
30%
Kiss me moreDoja Cat
29%
WreckedImagine Dragons
28%
Leave the door openSilksonic ( Bruno Mars & Anderson.Paak
28%
Les imbécilesVianney
26%
Tu t'en irasLa Zarra
23%
ArcadeDuncan Laurence
21%
Higher powerColdplay
15%
WafJulien Doré ( ft Jean-Marc & Simone )
14%
Celui d'en basCalogero
13%
HurricaneOfenbach & Ella Henderson
13%
Don't wait upShakira
13%
Everytime i cryAva Max
12%
Love not warJason Derulo
11%
Ani KuniPolo & Pan
10%
MinefieldsFaouzia & John Legend
9%
Quand je marcheBen Mazué
8%
We are the peopleMartin Garrix & Bono
8%
Le temps de l'amourBon Entendeur & Françoise Hardy
7%
Back on my feetKimberose
7%
Love tonightShouse
7%
Rather be youTom Gregory
7%
Girls like usZoe Wees
6%
Fais-leJeremy Frerot
5%
Iko IkoJustin Wellington & Small Jam
5%
A un paso de la lunaReik, Rocco Hunt , Ana Mena
5%
Douleur je fuisStéphane
5%
RiseLost Frequencies
4%
Nous deuxFlo Delavega
1%

Distribution des résultats

Percentile par nombre de réponses

% des personnes avec chaque résultat

Votre développement - résultats

Vous n’avez pas pris ce quiz